Competitiveness of Manufacturing Sector in OECD Countries

Cieľom príspevku je pomocou regresnej analýzy identifikovať vplyv vybraných faktorov na vlastný zostavený ukazovateľ produktivity vo výrobnom sektore v krajinách OECD a overiť predpoklady M. Portera (1990) a P. Krugmana (1994), že produktivita je synonymom konkurencieschopnosti. Aplikovali sa teoret...

ver descrição completa

Na minha lista:
Detalhes bibliográficos
Autor principal: Krivosudská, Simona, 1995-
Outros Autores: Steinhauser, Dušan, 1988-
Formato: Capítulo de Livro
Idioma:inglês
Assuntos:
Tags: Adicionar Tag
Sem tags, seja o primeiro a adicionar uma tag!

MARC

LEADER 00000naa$a2200000$$$4500
001 0270479
005 20240502083813.8
041 0 |a eng 
044 |a CZ 
245 1 0 |a Competitiveness of Manufacturing Sector in OECD Countries  |c Simona Krivosudská, Dušan Steinhauser 
520 |a Cieľom príspevku je pomocou regresnej analýzy identifikovať vplyv vybraných faktorov na vlastný zostavený ukazovateľ produktivity vo výrobnom sektore v krajinách OECD a overiť predpoklady M. Portera (1990) a P. Krugmana (1994), že produktivita je synonymom konkurencieschopnosti. Aplikovali sa teoretické, štatistické a ekonometrické metódy. 
610 2 0 |a OECD 
610 2 0 |a konkurencieschopnosť 
610 2 0 |a analýza regresná 
610 2 0 |a metódy štatistické 
610 2 0 |a výroba 
610 2 0 |a produktivita 
100 1 |a Krivosudská, Simona, 1995- 
700 1 |a Steinhauser, Dušan, 1988-